| 000 | 00916nam a2200277 a 4500 | ||
|---|---|---|---|
| 001 | 000016366 | ||
| 005 | 20230526131558.0 | ||
| 008 | 100303s1958 sp 000 d spa d | ||
| 040 |
_aDO-SdBNP _bspa _cBNPHU |
||
| 082 |
_a862.3 _bR741c |
||
| 100 | 1 |
_aRojas, Fernando de, _d1470-1541 _939878 |
|
| 245 | 1 | 3 |
_aLa Celestina / _cFernando de Rojas ; edición y notas de Julio Cejador y Frauca. |
| 260 |
_aMadrid : _bEspasa-Calpe, _c1958. |
||
| 300 |
_av. ; _c18 cm. |
||
| 490 | 1 | _aClásicos castellanos | |
| 500 | _aLa biblioteca posee los volúmenes 1 y 2. | ||
| 500 | _aIncluye notas al pie de las páginas. | ||
| 500 | _aGlosario (p. 221-232) | ||
| 500 | _aRefranes y frases proverbiales (p. 233-237) | ||
| 650 | 4 |
_aTeatro español _93071 |
|
| 650 | 4 |
_aLiteratura española _9632 |
|
| 700 | 1 |
_aCejador y Frauca, Julio, _ced. _936346 |
|
| 830 | 0 |
_aClásicos castellanos _94180 |
|
| 910 | _aWM | ||
| 049 | _aBNGR | ||
| 999 |
_c15901 _d15901 |
||